The helicopter adventure /

Bibliographic Details
Main Author: Klemin, Alexander, 1888-1950
Format: Book
Language:English
Published: New York : Coward-McCann, [1947]

MARC

Tag First Indicator Second Indicator Subfields
LEADER 00000cam a2200000I 4500
001 in00001718321
005 20151024175237.0
008 750523s1947 nyu 000 0 eng c
010 |a  47012231  
035 |a (OCoLC)ocm01354389 
040 |a SMI  |c SMI  |d UtOrBLW 
049 |a TXAM 
050 0 0 |a PZ7.K6784  |b He 
100 1 |a Klemin, Alexander,  |d 1888-1950. 
245 1 4 |a The helicopter adventure /  |c by Alexander Klemin ; illustrated by Flavia Gág. 
264 1 |a New York :  |b Coward-McCann,  |c [1947] 
264 4 |c ©1947 
300 |a viii, 216 pages :  |b illustrations ;  |c 21 cm. 
336 |a text  |b txt  |2 rdacontent 
337 |a unmediated  |b n  |2 rdamedia 
338 |a volume  |b nc  |2 rdacarrier 
994 |a E0  |b TXA 
999 |a MARS 
999 f f |s bfa0ce2b-eeba-3ec2-8199-fdc9c7ea67e4  |i 0d62039e-3150-36e7-8496-6f0f3ba1acdf  |t 0 
952 f f |p ric  |a Texas A&M University  |b Rellis Campus  |c Joint Library Facility  |d Remote Storage  |t 0  |e PZ7.K6784 He  |h Library of Congress classification  |i unmediated -- volume  |m A14829173225 
998 f f |a PZ7.K6784 He  |t 0  |l Remote Storage